00642nam a22001937a 4500999001900000005001700019010001500036020002600051035001400077037001300091082001000104100001500114245004600129260003300175270006200208300002000270942002400290952013400314 c188058d18805820220509151949.0 aENG-132568 a9788190042238c495.00 aEN-116100 bDBAD/PUB a954.4 aSharma,M.L aHistory of The Jaipur State/cM.L. Sharma aJodhpurbBook Treasurec2012 aOutside Sojati Gate, B/H Agra Sweet HomebJodhpure342001 a272pc22cm(hbk) 2ddccENh954.4mSHA 001040708NFICaBL1bBL1d2022-05-09eDBAD/PUBg495.00l2o954.4 SHApEN-116100r2025-12-10 00:00:00s2025-12-01t1v495.00yEN